[Event "III Duchamp Open 2019"]
[Site "Rio de Janeiro"]
[Date "2019.12.11"]
[Round "5.5"]
[White "Donoso Diaz, Sebastian"]
[Black "Supi, Luis Paulo"]
[Result "0-1"]
[WhiteElo "2234"]
[BlackElo "2578"]
[Annotator "ChessBase"]
[PlyCount "117"]
[EventDate "2019.12.07"]
[EventType "swiss"]
[EventCountry "BRA"]
[SourceTitle "playchess.com"]
[Source "ChessBase"]
[SourceQuality "1"]
[TimeControl "40/5400+30:1800+30"]

1. c4 {[%emt 0:00:00]} c5 {[%emt 0:00:04]} 2. Nf3 {[%emt 0:00:01]} Nf6 {[%emt 0:01:07]} 3. Nc3 {[%emt 0:02:30]} e6 {[%emt 0:02:10]} 4. e3 {[%emt 0:00:56]} d5 {[%emt 0:01:34]} 5. cxd5 {[%emt 0:00:47]} exd5 {[%emt 0:00:37]} 6. d4 {[%emt 0:01:14]} Nc6 {[%emt 0:00:34]} 7. Be2 {[%emt 0:00:18]} Bd6 {[%emt 0:00:41]} 8. dxc5 {[%emt 0:01:06]} Bxc5 {[%emt 0:00:03]} 9. O-O {[%emt 0:00:31]} O-O {[%emt 0:00:06]} 10. b3 {[%emt 0:00:58]} a6 {[%emt 0:03:58]} 11. Bb2 {[%emt 0:00:12]} Ba7 {[%emt 0:01:33]} 12. Rc1 {[%emt 0:07:37]} Qd6 {[%emt 0:03:58]} 13. Na4 {[%emt 0:11:23]} Rd8 {[%emt 0:01:39]} 14. Nd4 {[%emt 0:04:31]} Bd7 {[%emt 0:10:29]} 15. Qd3 {[%emt 0:23:14]} Ne5 {[%emt 0:12:13]} 16. Qb1 {[%emt 0:05:15]} Neg4 {[%emt 0:01:35]} 17. Bxg4 {[%emt 0:04:38]} Nxg4 {[%emt 0:00:14]} 18. Nf3 {[%emt 0:00:18]} d4 {[%emt 0:08:38]} 19. h3 {[%emt 0:05:37]} Nxf2 {[%emt 0:02:20]} 20. Rxf2 {[%emt 0:00:47]} dxe3 {[%emt 0:00:12]} 21. Re2 {[%emt 0:00:59]} Bb5 {[%emt 0:01:09]} 22. Rce1 {[%emt 0:07:30]} Bxe2 {[%emt 0:05:38]} 23. Rxe2 {[%emt 0:00:12]} Rac8 {[%emt 0:02:02]} 24. Qe4 {[%emt 0:06:32]} b5 {[%emt 0:04:48]} 25. Nc3 {[%emt 0:01:11]} Qd3 {[%emt 0:03:04]} 26. Qh4 {[%emt 0:01:46]} Re8 {[%emt 0:04:53]} 27. Qe1 {[%emt 0:02:44]} b4 {[%emt 0:03:26]} 28. Na4 {[%emt 0:01:34]} Rc2 {[%emt 0:01:28]} 29. Rxc2 {[%emt 0:00:06]} Qxc2 {[%emt 0:00:12]} 30. Bd4 {[%emt 0:00:44]} Bxd4 {[%emt 0:00:33]} 31. Nxd4 {[%emt 0:00:06]} Qd2 {[%emt 0:00:01]} 32. Nf3 {[%emt 0:00:32]} Qxa2 {[%emt 0:05:19]} 33. Qxb4 {[%emt 0:00:12]} Qf2+ {[%emt 0:00:20]} 34. Kh2 {[%emt 0:00:18]} e2 {[%emt 0:00:03]} 35. Ne1 {[%emt 0:01:25]} h5 {[%emt 0:01:16]} 36. Nb2 {[%emt 0:00:44]} h4 {[%emt 0:06:57]} 37. Nbd3 {[%emt 0:00:05]} Qg3+ {[%emt 0:00:05]} 38. Kh1 {[%emt 0:00:41]} Re3 {[%emt 0:00:44]} 39. Qa4 {[%emt 0:01:13]} Qd6 {[%emt 0:03:36]} 40. Qc4 {[%emt 0:03:38]} g6 {[%emt 0:05:37]} 41. b4 {[%emt 0:31:50]} Qf6 {[%emt 0:32:46]} 42. b5 {[%emt 0:00:00]} axb5 {[%emt 0:00:00]} 43. Qxb5 {[%emt 0:00:00]} Qd4 {[%emt 0:00:00]} 44. Kh2 {[%emt 0:00:00]} Kg7 {[%emt 0:00:00]} 45. Qa6 {[%emt 0:00:00]} Re6 {[%emt 0:00:00]} 46. Qb5 {[%emt 0:00:00]} Rf6 {[%emt 0:00:00]} 47. Qe5 {[%emt 0:00:00]} Qxe5+ {[%emt 0:00:00]} 48. Nxe5 {[%emt 0:00:00]} Rf1 {[%emt 0:00:00]} 49. N5f3 {[%emt 0:00:00]} g5 {[%emt 0:00:00]} 50. g4 {[%emt 0:00:00]} f6 {[%emt 0:00:00]} 51. Kg2 {[%emt 0:00:00]} Kf7 {[%emt 0:00:00]} 52. Nc2 {[%emt 0:00:00]} Ke7 {[%emt 0:00:00]} 53. Nfe1 {[%emt 0:00:00]} Kd7 {[%emt 0:00:14]} 54. Nd3 {[%emt 0:00:00]} Kc7 {[%emt 0:01:14]} 55. Nde1 {[%emt 0:00:00]} Kb6 {[%emt 0:00:58]} 56. Nd3 {[%emt 0:00:00]} Ka5 {[%emt 0:01:10]} 57. Nde1 {[%emt 0:00:00]} Ka4 {[%emt 0:02:01]} 58. Nf3 {[%emt 0:06:47]} Rxf3 {[%emt 0:00:15]} 59. Kh2 0-1

[Event "III Duchamp Open 2019"]
[Site "Rio de Janeiro"]
[Date "2019.12.10"]
[Round "5.6"]
[White "Mascarenhas, Alberto Pinheiro"]
[Black "Hernandez Guerrero, Gilberto"]
[Result "0-1"]
[WhiteElo "2221"]
[BlackElo "2554"]
[Annotator "TA"]
[PlyCount "94"]
[EventDate "2019.12.07"]
[EventType "swiss"]
[EventCountry "BRA"]
[SourceTitle "playchess.com"]
[Source "ChessBase"]
[SourceQuality "1"]

{[%evp 11,109,0,0,-2,-1,-18,-23,-59,-61,-70,-44,-40,-33,-42,-18,-47,-40,-33,-32,-54,-54,-61,-58,-76,-72,-68,-64,-74,-66,-60,-28,-58,-32,-81,-70,-88,-56,-44,-40,-62,0,0,0,0,0,-54,-50,-117,-116,-181,-167,-203,-150,-229,-231,-202,-203,-320,-316,-312,-309,-557,-576,-576,-576,-576,-576,-562,-459,-554,-449,-441,-393,-672,-677,-718,-757,-733,-726,-726,-712,-682,-674,-2457,-2302,-12826,-11500,-12834,-12832,-12835,-12835,-12837,-12837,-12838,-12837,-12839,-12837,-29984,-29985,-12847]} 1. c4 e5 2. Nc3 Bb4 3. Nf3 Bxc3 4. dxc3 Nc6 5. g3 Nge7 6. Bg2 d6 7. b3 {A21: English Opening: 1...e5 2 Nc3} (7. c5 d5 8. b4 f6 9. Nd2 Be6 10. Nb3 Qc8 11. O-O Bh3 12. b5 Nd8 13. Bxh3 Qxh3 14. c6 bxc6 {½-½ (48) Zhao,J (2627)-Ni,H (2674) China 2019}) 7... h6 8. h4 $146 ({Predecessor:} 8. O-O Be6 9. Ba3 b6 10. Ne1 Qd7 11. e4 Bh3 12. Qe2 O-O 13. Rd1 Qe6 14. Nc2 Bxg2 15. Kxg2 {0-1 (82) Van Hoolandt,P (2298)-Sulava,N (2516) Monaco 2003}) 8... Be6 9. Be3 {Black has an edge.} Qd7 10. Qd2 a5 11. a4 Rd8 12. O-O-O Qc8 13. Qb2 O-O 14. Nd2 f5 15. f4 d5 16. Bc5 e4 17. cxd5 Rxd5 18. Bxe7 Nxe7 19. c4 Rd6 20. Nb1 Qe8 21. Qc3 Nc6 22. Rxd6 cxd6 23. Kb2 d5 24. cxd5 Bxd5 25. Na3 Qh5 (25... Qe6 $15) 26. Rd1 $1 $11 {[%cal Rd1d5]} Be6 27. Bf1 Rc8 28. Qe3 (28. Nc4 $11) 28... Qf7 $36 {[%mdl 2048] Black has some pressure.} 29. Rc1 (29. Rd6 $15) 29... Qf6+ $17 30. Kb1 (30. Qc3 $17) 30... Rd8 $19 31. Nb5 h5 32. Bh3 (32. Qc3 $17 {was called for.}) 32... g6 33. Bf1 Bf7 34. Na3 (34. Qc3 $142 Qxc3 35. Nxc3) 34... Qd4 35. Qxd4 Nxd4 36. e3 $2 (36. Kb2 Nxb3 37. Rc7) 36... Nxb3 37. Re1 Nd2+ 38. Kb2 Nxf1 39. Rxf1 {[%mdl 4096] Endgame KRB-KRN} Rd3 {[#] White must now prevent ...Rb3+.} 40. Nc2 Bb3 41. Nd4 Bxa4 42. Rc1 $2 (42. Ra1 b5 43. Ra3) 42... Rxe3 43. Rc8+ Kf7 44. Rc7+ Kf6 45. Rxb7 Rd3 46. Rb6+ Ke7 47. Ne6 {[#]} e3 {Played: Rd3-d6} 0-1

[Event "III Duchamp Open 2019"]
[Site "Rio de Janeiro"]
[Date "2019.12.10"]
[Round "5.7"]
[White "Cezila Jr, Rubens"]
[Black "Alonso, Salvador"]
[Result "1-0"]
[WhiteElo "2191"]
[BlackElo "2481"]
[Annotator "TA"]
[PlyCount "89"]
[EventDate "2019.12.07"]
[EventType "swiss"]
[EventCountry "BRA"]
[SourceTitle "playchess.com"]
[Source "ChessBase"]
[SourceQuality "1"]

{[%evp 9,89,33,44,3,14,4,43,32,46,46,70,77,72,36,68,67,83,71,112,102,107,93,112,104,100,105,110,98,98,84,106,52,119,144,226,89,178,182,122,0,0,0,83,83,85,37,14,0,0,0,0,0,0,-28,-25,-89,-76,-206,-195,-379,0,0,48,45,410,375,467,467,457,449,467,466,387,327,331,323,344,318,877,847,1335,1270]} 1. e4 c5 2. Nf3 e6 3. d4 cxd4 4. Nxd4 Nc6 5. Nc3 Qc7 6. g4 {B47: Sicilian: Taimanov: 5 Nc3 Qc7 6 f4, 6 g3 and 6 Be2} (6. Be3 a6 7. Qf3 Ne5 8. Qg3 h5 9. Bg5 f6 10. Bf4 Ne7 11. O-O-O Kf7 12. Bxe5 Qxe5 13. f4 h4 14. Qe3 Qc7 {1-0 (35) Ding,L (2811)-Shankland,S (2705) chess.com INT 2019}) 6... a6 7. h4 Nf6 8. Nxc6 $1 {White is slightly better.} Qxc6 9. Bg2 d6 $146 ({Predecessor:} 9... Bb4 10. g5 Ng4 11. Rh3 f5 12. gxf6 Nxf6 13. Rg3 O-O {1-0 (26) Reinaldo Castineira,R (2493)-Medarde Santiago,L (2341) Santiago de Compostela 2018}) 10. g5 Nd7 11. Qe2 Qc7 12. Be3 b5 13. a3 Bb7 14. O-O-O Ne5 15. Rh3 Nc4 16. Bd4 e5 17. Nd5 Bxd5 18. exd5 Be7 19. Bc3 a5 20. b3 ({White should play} 20. f4 $16) 20... Nxa3 {[#]} (20... b4 $1 $14) 21. Bxe5 $1 $16 {[%mdl 512]} O-O (21... dxe5 $16 22. d6 {[%mdl 64] Discovered Attack} Bxd6 23. Bxa8 O-O) 22. Rc3 (22. Bb2 $1 $18 {[%cal Rb2a3] is the precise move to win.} b4 23. Be4) 22... Qd8 (22... Qb7 $16) 23. Bd4 $1 $18 Re8 24. Qd3 (24. Re3 $16 Bf8 25. Rxe8 Qxe8 26. Qxe8 Rxe8 27. Bb6) 24... b4 $36 {[%mdl 2048] Black is pushing.} 25. Rc6 Bf8 (25... Bxg5+ $1 $11 26. hxg5 Qxg5+ {[%mdl 64] Double Attack} 27. f4 Qxg2) 26. Be4 $16 g6 27. f4 {And now Bf6 would win.} Qe7 28. Re1 Bg7 29. Bxg7 Kxg7 30. h5 $1 {[%cal Rh5h6]} Kg8 31. Re2 (31. Qh3 $5 {[%cal Rh5g6]}) 31... Qa7 {Hoping for ...Qg1+.} 32. c3 ({Don't play} 32. Rxd6 Qg1+ 33. Qd1 Qg3 $17) (32. Re1 $11 {keeps the balance.}) 32... bxc3 {White must now prevent ...Qg1+.} 33. Rxc3 (33. Qe3 $17 {was necessary.}) 33... a4 $19 {Threatens to win with ...axb3.} 34. b4 $2 {[#]} (34. Kd1) 34... Rac8 $2 (34... Nb5 $1 $19 {[%cal Rb5c3][%mdl 512]} 35. Qxb5 a3) 35. Rc6 {aiming for Kb2.} Rb8 (35... Qb6 $5) 36. Qxa3 {Strongly threatening Rc4.} Qd4 $2 {[%mdl 8192]} (36... Rxe4 $14 37. Rxe4 Qg1+ 38. Kb2 Qg2+ {[%mdl 64] Double Attack} 39. Ka1 Qxe4 {[%mdl 64] Double Attack}) 37. Qc3 $18 Rxb4 38. Qxd4 Rxd4 39. Bc2 Rb8 ({Weaker is} 39... Rxe2 40. Rc8+ Re8 41. Rxe8+ Kg7 42. h6#) 40. Rxd6 Rxf4 41. Re4 Rf1+ 42. Kd2 a3 {Black wants to play ...a2.} 43. Ra6 Rc8 $2 (43... Rf5 44. d6 Rd5+ 45. Ke3 gxh5) 44. Bd3 Rf5 45. Rc4 {Accuracy: White = 44%, Black = 42%.} 1-0

[Event "III Duchamp Open 2019"]
[Site "Rio de Janeiro"]
[Date "2019.12.11"]
[Round "5.8"]
[White "Carraro, Denise"]
[Black "Molina, Roberto Junio Brito"]
[Result "1-0"]
[WhiteElo "2177"]
[BlackElo "2448"]
[Annotator "ChessBase"]
[PlyCount "99"]
[EventDate "2019.12.07"]
[EventType "swiss"]
[EventCountry "BRA"]
[SourceTitle "playchess.com"]
[Source "ChessBase"]
[SourceQuality "1"]
[TimeControl "40/5400+30:1800+30"]

1. e4 {[%emt 0:00:00]} c5 {[%emt 0:00:02]} 2. Nf3 {[%emt 0:00:00]} e6 {[%emt 0:00:03]} 3. d4 {[%emt 0:00:00]} cxd4 {[%emt 0:00:04]} 4. Nxd4 {[%emt 0:00:00]} Nf6 {[%emt 0:00:11]} 5. Nc3 {[%emt 0:00:00]} d6 {[%emt 0:00:04]} 6. Be2 {[%emt 0:00:49]} Nc6 {[%emt 0:00:21]} 7. Be3 {[%emt 0:00:16]} Be7 {[%emt 0:00:22]} 8. O-O {[%emt 0:00:05]} O-O {[%emt 0:00:21]} 9. f4 {[%emt 0:01:43]} a6 {[%emt 0:01:42]} 10. a4 {[%emt 0:00:05]} Qc7 {[%emt 0:01:01]} 11. Kh1 {[%emt 0:00:10]} Bd7 {[%emt 0:01:50]} 12. Qe1 {[%emt 0:05:46]} Nxd4 {[%emt 0:01:31]} 13. Bxd4 {[%emt 0:00:02]} Bc6 {[%emt 0:00:23]} 14. Qg3 {[%emt 0:05:49]} g6 {[%emt 0:04:33]} 15. Bd3 {[%emt 0:13:32]} e5 {[%emt 0:16:07]} 16. fxe5 {[%emt 0:00:41]} Nh5 {[%emt 0:00:14]} 17. Qf2 {[%emt 0:00:58]} dxe5 {[%emt 0:00:13]} 18. Bb6 {[%emt 0:00:02]} Qc8 {[%emt 0:06:48]} 19. Be3 {[%emt 0:14:07]} Ng7 {[%emt 0:15:51]} 20. Bh6 {[%emt 0:10:08]} Kh8 {[%emt 0:00:54]} 21. Qg3 {[%emt 0:08:32]} f6 {[%emt 0:00:28]} 22. Rad1 {[%emt 0:02:28]} Qe8 {[%emt 0:04:41]} 23. b3 {[%emt 0:14:22]} Rd8 {[%emt 0:00:34]} 24. Nd5 {[%emt 0:03:46]} Bxd5 {[%emt 0:01:18]} 25. exd5 {[%emt 0:00:02]} Bd6 {[%emt 0:00:54]} 26. Qe3 {[%emt 0:00:53]} f5 {[%emt 0:00:49]} 27. c4 {[%emt 0:08:55]} Rc8 {[%emt 0:02:17]} 28. Qb6 {[%emt 0:02:24]} Qe7 {[%emt 0:00:42]} 29. Bg5 {[%emt 0:00:06]} Qxg5 {[%emt 0:07:42]} 30. Qxd6 {[%emt 0:00:04]} e4 {[%emt 0:00:32]} 31. Bc2 {[%emt 0:05:59]} Rce8 {[%emt 0:02:59]} 32. Rde1 {[%emt 0:01:47]} Kg8 {[%emt 0:13:00]} 33. Qb4 {[%emt 0:01:10]} Rf7 {[%emt 0:01:27]} 34. c5 {[%emt 0:00:21]} Nh5 {[%emt 0:00:39]} 35. Qd4 {[%emt 0:00:32]} a5 {[%emt 0:02:52]} 36. d6 {[%emt 0:00:20]} Nf4 {[%emt 0:06:23]} 37. Qf2 Ne6 {[%emt 0:02:43]} 38. Bxe4 {[%emt 0:00:43]} f4 {[%emt 0:02:38]} 39. Bxb7 {[%emt 0:00:40]} Rxb7 {[%emt 0:01:27]} 40. c6 {[%emt 0:00:14]} Rbb8 {[%emt 0:02:46]} 41. c7 {[%emt 0:32:28]} Nxc7 {[%emt 0:03:39]} 42. dxc7 {[%emt 0:00:00]} Rbc8 {[%emt 0:00:01]} 43. Rxe8+ {[%emt 0:00:00]} Rxe8 {[%emt 0:00:01]} 44. Qc2 {[%emt 0:00:00]} Rc8 {[%emt 0:01:19]} 45. Qc4+ {[%emt 0:00:00]} Kg7 {[%emt 0:01:37]} 46. Qd4+ {[%emt 0:00:00]} Kg8 {[%emt 0:00:23]} 47. Qd7 {[%emt 0:00:00]} Qf5 {[%emt 0:00:21]} 48. Rd1 {[%emt 0:00:00]} f3 {[%emt 0:02:03]} 49. Qxc8+ Qxc8 {[%emt 0:00:02]} 50. Rd8+ {[%emt 0:00:00]} 1-0

[Event "III Duchamp Open 2019"]
[Site "Rio de Janeiro"]
[Date "2019.12.11"]
[Round "5.9"]
[White "Rocha, Vitor Firmo de Souza"]
[Black "Roselli Mailhe, Bernardo"]
[Result "1/2-1/2"]
[WhiteElo "2169"]
[BlackElo "2442"]
[Annotator "TA"]
[PlyCount "129"]
[EventDate "2019.12.07"]
[EventType "swiss"]
[EventCountry "BRA"]
[SourceTitle "playchess.com"]
[Source "ChessBase"]
[SourceQuality "1"]

{[%evp 16,129,21,16,31,0,0,0,0,0,0,-4,0,0,0,0,0,-8,-2,-12,1,8,71,26,25,0,22,-10,0,-29,-32,-33,-28,-17,-27,-62,0,-74,-83,-121,-23,-26,-20,-16,-21,-89,-85,-82,-89,-83,-75,-100,-105,-104,-100,-100,-82,-119,-95,-119,-127,-153,-24,-24,-24,-24,-26,-23,-8,-8,0,-8,-2,-8,-8,-8,-8,-32,-32,-32,-32,-79,-78,-98,-17,-17,-23,-18,0,0,0,0,0,0,0,0,0,0,0,0,0,0,0,0,0,0,0,0,0,0,0,0,0,0,0,0]} 1. e4 e6 2. d4 d5 3. Nd2 a6 4. Ngf3 c5 5. dxc5 Bxc5 6. Nb3 Ba7 7. exd5 exd5 8. Bd3 Qe7+ 9. Qe2 Nc6 {C08: French Tarrasch: 3...c5 4 exd5 exd5 sidelines} (9... Qxe2+ 10. Bxe2 Nc6 11. c3 Bf5 12. O-O Nf6 13. Rd1 O-O 14. Nfd4 Bg6 15. Be3 Ne5 16. Na5 Rab8 17. h3 {1-0 (37) Fedorchuk,S (2669)-Jussupow,A (2582) Wroclaw 2014}) 10. Be3 (10. h3 {keeps more tension.} Bd7 11. c3 Qxe2+ 12. Bxe2 Nf6 13. Bd3) 10... Bxe3 11. Qxe3 Qxe3+ 12. fxe3 Nf6 13. O-O-O $146 ({Predecessor:} 13. Nbd4 O-O 14. O-O Re8 15. Rfe1 {½-½ (74) Walker,M (2078)-Roselli Mailhe,B (2439) Batumi 2018}) 13... O-O 14. h3 Re8 15. Rhe1 b6 16. Nbd4 Na5 17. Nd2 Bb7 18. g4 Rad8 (18... b5 $11 {keeps the balance.}) 19. b3 b5 20. Kb2 g6 21. c3 Re7 22. Re2 Rde8 23. Rde1 Nc6 24. Nxc6 Bxc6 25. b4 h5 (25... Kg7 $15) 26. g5 (26. Rf1 $11 Rxe3 27. Rxe3 Rxe3 28. Rxf6 Rxd3 29. Kc2 Rxh3 30. gxh5) 26... Nd7 $17 27. Nf3 Ne5 ({Black should try} 27... Nb6 $17 28. Nd4 Bd7) 28. Nxe5 $11 Rxe5 29. h4 Bd7 30. e4 (30. a4 $11) 30... Bg4 $36 {[%mdl 2048] White is under strong pressure.} 31. Re3 {[#]} Bf5 $1 {[%mdl 512]} 32. a4 (32. exf5 Rxe3) 32... dxe4 33. axb5 axb5 34. c4 bxc4 35. Bxc4 Kg7 36. Ra1 f6 37. gxf6+ Kxf6 38. Ra6+ {[#]} Kg7 (38... Be6 $1 $17 39. Rg3 e3) 39. Kc3 $11 Rc8 40. Kd4 Re7 {...Rd7+ is the strong threat.} 41. Rd6 g5 42. hxg5 h4 43. Rf6 Bg6 {White must now prevent ...Rd7+.} 44. Rd6 Rh8 {aiming for ...h3.} 45. Bf1 Rf8 46. Bh3 Rb8 47. Kc3 Rc7+ 48. Kb3 Rcb7 49. Rd4 {[#]} Bf7+ (49... Rb5 $1 $17 50. Rd7+ Kf8) 50. Kc3 $1 Rc7+ 51. Kd2 Bg6 {The position is equal.} 52. Bg2 Ra8 53. Bxe4 Ra2+ 54. Kd3 Re7 {Threatens to win with ...Ra3+.} 55. Rd6 Bf5 56. Bxf5 Ra3+ 57. Kd4 Raxe3 {[%mdl 4096] Endgame KRR-KRB} 58. Rg6+ Kf8 59. Rh6 Rf3 60. Rh8+ Kg7 61. Rh7+ Kf8 62. Rh8+ Kg7 63. Rh7+ Kf8 64. Rh8+ Kf7 (64... Kg7 $5 65. Rh7+ $8 $11) 65. Rh7+ {Accuracy: White = 53%, Black = 50%.} 1/2-1/2

[Event "III Duchamp Open 2019"]
[Site "Rio de Janeiro"]
[Date "2019.12.11"]
[Round "5.10"]
[White "Ambartsumova, Karina"]
[Black "Zuriel, Marisa"]
[Result "1-0"]
[WhiteElo "2341"]
[BlackElo "2178"]
[Annotator "TA"]
[PlyCount "89"]
[EventDate "2019.12.07"]
[EventType "swiss"]
[EventCountry "BRA"]
[SourceTitle "playchess.com"]
[Source "ChessBase"]
[SourceQuality "1"]

{[%evp 17,89,47,57,45,65,46,54,40,61,52,61,61,107,89,135,97,120,77,108,20,20,27,204,206,210,156,156,151,144,144,158,145,149,143,172,162,147,155,208,213,198,215,192,124,255,255,262,227,227,248,253,222,257,154,154,154,151,-266,335,354,347,339,329,310,408,403,443,440,503,470,797,659,29982,12466]} 1. Nf3 Nf6 2. g3 g6 3. d4 Bg7 4. Bg2 O-O 5. O-O d6 6. b3 Nbd7 7. Bb2 e5 8. dxe5 Ng4 9. Qd2 Ngxe5 10. c4 {A49: 1 d4 Nf6 2 Nf3 g6 3 g3: Anti-King's Indian systems} Re8 11. Nc3 a5 (11... Nxf3+ 12. Bxf3 Nc5 13. Rfe1 a5 14. Rad1 Be6 15. Nb5 Bxb2 16. Qxb2 Bd7 17. Nc3 Qf6 18. Qd2 Bc6 19. Bxc6 bxc6 20. e4 Rab8 21. Rb1 Rb4 22. Re3 Reb8 23. Rbe1 a4 24. e5 Qd8 25. Nb5 Na6 26. exd6 cxb5 27. d7 {1-0 (27) Mamedyarov,S (2799)-Haddouche,M (2505) Riadh 2017}) 12. Rad1 {[%cal Ba1d1,Bd1d2,Bd2b2,Bb2a2][%mdl 32] White is slightly better.} Nc6 $146 ({Predecessor:} 12... Nxf3+ 13. Bxf3 Nc5 14. Nd5 Be6 15. Bxg7 Kxg7 16. Qd4+ f6 17. Nc3 Rb8 18. Bg2 Bd7 19. Qd2 Bc6 20. Qb2 Qe7 21. Rfe1 Qe5 22. Rd2 Bxg2 23. Kxg2 Ne4 {½-½ (23) Kurajica,B (2555)-Neverov,V (2587) Bled 2002}) 13. Rfe1 Nc5 14. Nd5 Ne5 15. Nxe5 dxe5 16. Qe3 Nd7 17. Rd2 a4 18. Red1 (18. c5 $16) 18... axb3 $11 19. axb3 f5 $2 (19... c6 $11 {and Black stays safe.}) 20. c5 $18 Ra2 21. Nb4 Rxb2 22. Rxb2 {aiming for c6.} c6 23. Nc2 e4 24. Ra2 Qe7 25. b4 Nf6 {and if ...Nd5 works, Black does fine.} 26. Ra8 Nd5 27. Qb3 Be6 (27... Kh8 $16 28. Nd4 Nc7) 28. Rxe8+ Qxe8 29. Nd4 Bf7 30. Qa3 (30. e3 $18) 30... e3 (30... f4 $16 31. e3 fxe3) 31. f4 Nc7 {[%cal Bd5c7,Bc7b5,Bb5c3][%mdl 32] intending ...Bxd4.} 32. Nc2 Nb5 33. Qd3 (33. Qxe3 $6 Bd4 $16) 33... Nc3 34. Rf1 ({Not} 34. Nxe3 Nxd1 35. Nxd1 Qe6 $14) 34... h6 35. Nxe3 (35. Bf3 $18) 35... Bd4 $16 {[#]} 36. Rf3 $1 Bd5 37. Kf2 $2 {[#]} (37. Kh1 $16 {keeps the pressure on.} Bxf3 38. Qxd4) 37... Bxf3 $4 {[%mdl 8192]} ({Inferior is} 37... Nb5 38. g4 $11) (37... Qe4 $1 $19 {avoids the disaster. White must now prevent ...Qxd3.} 38. Ke1 Qxd3 39. exd3 Bxf3) 38. Qxd4 $18 Bxg2 39. Qxc3 ({Less strong is} 39. Kxg2 Qe4+ 40. Qxe4 fxe4 $16) 39... Be4 40. Qf6 Kh7 41. Nc4 Qg8 42. Nd6 Bd5 43. Qe7+ Kh8 (43... Qg7 $142 44. Qxb7 Qxb7 45. Nxb7 Kg7) 44. Ne8 {Strongly threatening Qe5+.} Bc4 45. Qe5+ {Accuracy: White = 66%, Black = 39%.} 1-0

[Event "III Duchamp Open 2019"]
[Site "Rio de Janeiro"]
[Date "2019.12.11"]
[Round "5.11"]
[White "De Carvalho, Jose Jorge"]
[Black "Rodi, Luis Ernesto"]
[Result "0-1"]
[WhiteElo "2149"]
[BlackElo "2341"]
[Annotator "TA"]
[PlyCount "86"]
[EventDate "2019.12.07"]
[EventType "swiss"]
[EventCountry "BRA"]
[SourceTitle "playchess.com"]
[Source "ChessBase"]
[SourceQuality "1"]

{[%evp 14,114,6,-29,0,4,0,0,0,-10,36,30,41,41,62,57,64,63,108,100,101,70,117,115,150,147,150,112,123,132,177,179,199,160,135,106,169,193,183,0,0,0,0,0,1,0,0,-13,16,28,20,26,70,-18,-22,-79,-72,-71,-27,-19,-24,-16,-24,-95,-102,-137,-116,-385,-406,-400,-393,-374,-155,-548,-540,-541,-533,-506,-512,-676,-675,-610,-548,-500,-474,-467,-457,-437,-448,-520,-494,-528,-518,-839,-838,-29960,-900,-29992,-29993,-29993,-29994,-29994,-990]} 1. e4 e5 2. Nf3 Nc6 3. d4 exd4 4. Nxd4 Nf6 5. Nxc6 bxc6 6. e5 Qe7 7. Qe2 Nd5 8. h4 (8. c4 $5 {[%cal Rc4d5]} Ba6 9. Nd2 $11) 8... Bb7 {C45: Scotch Game} (8... Qe6 9. Nd2 d6 10. exd6 Bxd6 11. Nc4 Bc5 12. a3 O-O 13. Qxe6 Bxe6 14. Bd3 Rfe8 15. O-O a5 16. Ne5 {½-½ (38) Caruana,F (2828)-Robson,R (2667) Saint Louis 2019}) 9. c4 Nb6 10. Nc3 Qe6 {The position is equal.} 11. Bd2 Ba6 $146 {[%cal Ra6c4]} ({Predecessor:} 11... Bb4 12. h5 O-O 13. O-O-O Rae8 14. h6 g6 15. Re1 Ba6 16. b3 Bc8 17. Rh4 {1-0 (55) Fass,R (2367)-Hameister,R (2430) ICCF email 2012}) 12. b3 Ba3 13. g3 O-O 14. Bh3 f5 15. O-O Bc5 16. Rae1 Rae8 17. Kh2 Bd4 {[%cal Rb6c4]} 18. f4 Nxc4 19. bxc4 Bxc4 20. Qf3 Bxf1 21. Bxf1 Rb8 22. Qd3 {[%mdl 1024] White has strong compensation.} c5 23. Bg2 {Hoping for Bd5.} c6 24. Re2 Rb2 (24... Kh8 $16) 25. Bc1 $18 Rb4 {With the idea ...Qc4.} 26. Rd2 $2 ({White should play} 26. Rc2 $18) 26... Qc4 $11 27. Ne2 {Black should prevent Qxc4+.} Qxd3 28. Rxd3 Rfb8 29. Bh3 g6 30. g4 fxg4 31. Bxg4 Bxe5 32. Bxd7 Bb2 {And now ...Bxc1 would win.} 33. Be6+ (33. Be3 $1 $14) 33... Kg7 {Black wants to play ...Bxc1.} 34. Bd2 (34. Rd7+ $11 Kh8 35. Kg3) 34... Re4 $17 35. Rd7+ Kf6 36. Bg4 Rbe8 $36 {[%mdl 2048] Black has the initiative.} 37. Ng3 Rd4 38. Ba5 (38. Kg2 $11 {remains equal.}) 38... Rxf4 39. Kh3 h5 {[%mdl 64] Overworked Piece} 40. Bxh5 $2 {[%mdl 8192]} (40. Be2 $17) 40... gxh5 $19 41. Nxh5+ Ke6 42. Rd2 Rf5 (42... Rf3+ $19 {has better winning chances.} 43. Kg4 Ra3 {[%mdl 64] Double Attack} 44. Nf4+ Ke7) 43. Re2+ $2 (43. Ng3 $17 {was the crucial defense.} Bd4 44. Nxf5 Kxf5 45. Rc2) 43... Kd7 {Played: Ke6-f7} 0-1